000 00362nmm a2200133Ia 4500
008 251105s9999||||xx |||||||||||||||||und||
041 _acat
100 _aGironell Gamero, Martí
245 0 _aStrappo
264 _a[Madrid, España] :
_bEdiciones B,
_c2015
300 _a320 páginas
856 _uhttps://public.digitaliapublishing.com/a/54128
942 _cCF
999 _c105537
_d105537